[Event "Cappelle op 32nd"]
[Site "Cappelle la Grande"]
[Date "2016.02.16"]
[Round "5"]
[White "Abergel, Thal"]
[Black "Iturrizaga Bonelli, Eduardo"]
[Result "0-1"]
[WhiteElo "2436"]
[BlackElo "2624"]
[Annotator "Reeh,O"]
[PlyCount "114"]
[EventDate "2016.02.13"]
[EventType "swiss"]
[EventRounds "9"]
[EventCountry "FRA"]
[SourceTitle "EXT 2017"]
[Source "ChessBase"]
[SourceDate "2016.10.25"]
[SourceVersion "1"]
[SourceVersionDate "2016.10.25"]
[SourceQuality "1"]

1. e4 c5 2. Nf3 Nc6 3. Bb5 g6 4. Bxc6 bxc6 5. O-O Bg7 6. Re1 Nh6 7. Nc3 O-O 8.
b3 e5 9. d3 d6 10. h3 f5 11. Bg5 Qc7 12. Nh2 Nf7 13. Bd2 Be6 14. a3 a5 15. Ne2
d5 16. exf5 Bxf5 17. Ng3 Nd6 18. Nxf5 gxf5 19. Bc3 e4 20. Bxg7 Qxg7 21. dxe4
Nxe4 22. f3 Nc3 23. Qd2 a4 24. Kh1 axb3 25. cxb3 Rfe8 26. Rxe8+ Rxe8 27. Re1 {
[%tqu "En","Black neither wants to trade rooks nor surrender the e-file. Do
you have an idea for him?","Move the knight!","","c3e2","Very nice!  This
knight move poses problems for White (best now would be 28.Nf1! Qe5!).  White
has three other moves: 28.Rxe2, 28.Ng4 and 28.a4. Do you have Black's reply
ready in each case?",3,"De","Schwarz will weder die Türme tauschen noch die
e-Linie abtreten. Hätten Sie eine Idee für ihn?","Ziehen Sie den Springer!","",
"c3e2","Sehr hübsch!  Dieser Springerzug stellt Weiß vor Probleme.  Am besten
wäre jetzt 28.Nf1! Qe5!  Weiß hat noch drei andere Züge: 28.Rxe2, 28.Ng4 und
28.a4. Haben Sie jeweils eine schwarze Antwort parat?",3]} Ne2 $1 {[%csl Rg3]
[%cal Re2g3,Rg3h1,Rg7a1]} 28. Ng4 (28. Rxe2 $4 {[%tqu "En","What now?","","",
"g7a1","The long queen move on the diagonal - one of the points of 27...
Nc3-e2!  Game over.",1,"De","Was jetzt?","","","g7a1","Der lange Damenzug auf
der Diagonalen - eine Pointe von 27...Nc3-e2!  Game over.",1]} Qa1+ {[%csl Re2,
Rh1][%cal Ra1h1,Re8e1]}) ({The best move was am besten war} 28. Nf1 $1 Qe5 $1
29. Rxe2 Qxe2 30. Qg5+ Kf7 31. Qxf5+ Ke7 32. Qxh7+ Kd8 33. Kg1 $13) (28. a4 $4
Ng3+ 29. Kg1 {[%tqu "En","Black to play and win.","","","g7d4","The queen is
overloaded on d2.",3,"De","Schwarz zieht und gewinnt.","","","g7d4","Die Dame
ist überlastet.",3]} Qd4+ {[%cal Re8e1,Rd4g1,Yd2d4,Yd2e1]} 30. Qxd4 Rxe1+ 31.
Kf2 {[%tqu "En","And Black's point, please.","","","e1e2","The decisive
intermediate check - after 32.Kxg3 cxd4 White can resign.",1,"De","Und die
schwarze Pointe, bitte.","","","e1e2","Das entscheidende Zwischenschach - nach
32.Kxg3 cxd4 kann Weiß aufgeben.",1]} Re2+ $1 32. Kxg3 cxd4 $19) 28... Ng3+ 29.
Kh2 {[%tqu "En","The same question as before: Black neither wants to trade
rooks nor surrender the e-file. Do you have an idea for him?","","","e8e2",
"And again this square!  The rook is untouchable: 30.Rxe2 Nf1+ winning the
queen.  Black keeps the initiative!",2,"De","Dieselbe Frage wie eben: Schwarz
will weder die Türme tauschen noch die e-Linie abtreten. Hätten Sie eine
Idee?","","","e8e2","Und auch wieder dieses Feld!  Der Turm ist tabu: 30.Rxe2
Nf1+ mit Damengewinn.  Schwarz behält die Initiative!",2]} Re2 $1 {[%cal Rg3f1,
Rf1d2,Ye1e2] And again this square! Und wieder dieses Feld!} 30. Qa5 (30. Rxe2
Nf1+ 31. Kg1 Nxd2) 30... fxg4 31. Qd8+ Qf8 32. Qg5+ Kf7 33. Qf4+ Ke7 34. Qxg3
gxf3 35. Rxe2+ fxe2 36. Qe5+ Kd7 37. Qxe2 Qb8+ $1 38. g3 Qxb3 $19 39. Qe5 Qa2+
40. Kg1 Qxa3 41. Qg7+ Kc8 42. Qh8+ Kb7 43. Qxh7+ Kb6 44. Qg8 Qe3+ 45. Kf1 c4
46. Qb8+ Ka5 47. Qa8+ Kb4 48. Qxc6 Qf3+ 49. Ke1 Qxg3+ 50. Ke2 Qg2+ 51. Ke1 Qe4+
52. Kd2 Qd3+ 53. Ke1 Qe3+ 54. Kd1 Qf3+ 55. Ke1 Kc3 56. Qc5 Qe4+ 57. Kf1 Kd3 0-1

[Event "Bundesliga 9798"]
[Site "Germany"]
[Date "1997.10.18"]
[Round "1.7"]
[White "Maiwald, Jens Uwe"]
[Black "Chandler, Murray G"]
[Result "1-0"]
[WhiteElo "2450"]
[BlackElo "2555"]
[Annotator "Reeh,O"]
[PlyCount "80"]
[EventDate "1997.10.18"]
[EventType "team-tourn"]
[EventRounds "15"]
[EventCountry "GER"]
[SourceTitle "CBM 062"]
[Source "ChessBase"]
[SourceDate "1998.01.31"]
[SourceVersion "1"]
[SourceVersionDate "1998.01.31"]
[SourceQuality "1"]
[WhiteTeam "Dresden"]
[BlackTeam "Solingen"]
[WhiteTeamCountry "GER"]
[BlackTeamCountry "GER"]

1. e4 c5 2. Nf3 Nc6 3. Bb5 g6 4. O-O Bg7 5. Re1 Nf6 6. Bxc6 dxc6 7. d3 O-O 8.
Nc3 Qc7 9. h3 e5 10. Be3 Qe7 11. a3 Rd8 12. Qb1 Nh5 13. b4 cxb4 14. axb4 b5 15.
Qb2 h6 16. Rad1 g5 {Der drohenden weißen Expansion im Zentrum tritt der
Nachziehende mit einer energischen Königsattacke entgegen.} 17. d4 g4 $1 18.
Nxe5 gxh3 19. g3 (19. Nxc6 $2 Qe6 20. Nd5 Qg4 $17) 19... h2+ 20. Kxh2 Qe6 21.
Rh1 Nxg3 $1 22. Kxg3 Bxe5+ 23. dxe5 Rxd1 24. Nxd1 Qg4+ 25. Kh2 {Nebst Remis
durch ewiges Schach? Weit gefehlt! Die weißen Figuren stehen so unglücklich,
daß Schwarz trotz Minusfigur in aller Ruhe das Eingreifen seines R a8
vorbereiten kann.} Kh7 $1 26. Qc1 Be6 27. Bg5 {Es gibt nichts Besseres.} Rg8
28. Qf4 Qh5+ 29. Qh4 Rxg5 30. Qxh5 Rxh5+ 31. Kg2 Rxe5 {Im Prinzip endet hier
die mit 21...Nxg3 eingeleitete Kombination. Schwarz hat die Figur
zurückerobert und sollte mit seinem Mehrbauern im Endspiel über die eindeutig
besseren Karten verfügen. Doch die Berechnung der Varianten hat GM Chandler
viele Minuten gekostet, und er muß die restlichen Züge bis zur Zeitkontrolle
im Blitztempo erledigen...} 32. Nc3 Rg5+ 33. Kf3 Rg7 34. Ra1 f6 35. Ra6 Rc7 36.
Nxb5 cxb5 37. Rxe6 Rxc2 38. Rxf6 Rb2 39. Kf4 Rxf2+ 40. Ke5 Rxf6 {
Zeitüberschreitung. Ein fast schon tragisches Ende einer von Schwarz schön
vorgetragenen Partie- aber man muß seine guten Züge eben auch schnell machen!}
(40... Rxf6 {Auch die Schlußstellung ist immer noch remis, z.B.} 41. Kxf6 h5
42. Kg5 Kg7 43. Kxh5 a5 $1 $11) 1-0

[Event "Belgrade GMA op"]
[Site "Belgrade"]
[Date "1988.??.??"]
[Round "?"]
[White "Watson, William N"]
[Black "Gurgenidze, Bukhuti"]
[Result "1-0"]
[WhiteElo "2500"]
[BlackElo "2365"]
[Annotator "Rogers,I"]
[PlyCount "45"]
[EventDate "1988.12.??"]
[EventType "swiss"]
[EventRounds "9"]
[EventCountry "YUG"]
[SourceTitle "CBM 010"]
[Source "ChessBase"]
[SourceDate "1989.06.01"]
[SourceVersion "1"]
[SourceVersionDate "1989.06.01"]
[SourceQuality "1"]

1. e4 c5 2. Nf3 Nc6 3. Bb5 g6 4. O-O Bg7 5. c3 e5 ({Players who choose 3.Bb5
in preference to 3.d4 are usually pleased to see the fighting text move, which
provokes rather than prevents 6.d4, instead of} 5... Nf6 {which tends to lead
the game towards more balanced positions.}) 6. d4 $1 cxd4 (6... exd4 $5 7. cxd4
Nxd4 8. Nxd4 cxd4 (8... Bxd4 {is also playable, although White's attacking
chances after} 9. Nc3 {are quite dangerous.})) 7. cxd4 Nxd4 $2 ({If Black
wishes to leave a pawn on d4 he should play} 7... exd4 {when 8.f4 is illegal
and} 8. Bf4 {can be met by} a6 9. Ba4 b5 10. Bb3 d6) 8. Nxd4 exd4 {Black has
chosen one of the least promising methods of capturing on d4 and his
subsequent play shows that he had not prepared any improvement on the known
lines.} 9. f4 (9. e5 {(1-0 (17) Polgar,J (2320)-Chilingirova,P (2195)
Thessaloniki 1988 EXT 1997 r6) led to the Thessaloniki Olympiad's most
attractive miniature, but Watson's move, keeping e5 in reserve, is also strong.
}) 9... Ne7 10. f5 Nc6 11. f6 $1 Bf8 ({Since} 11... Bxf6 12. Qf3 {loses
immediately, Black must suffer with his extra pawn as poor compensation for
the wedge on f6.}) 12. Bc4 Qb6 13. Nd2 Ne5 {The first new move!} ({Prasad had
tried} 13... d6 {against Watson at the Olympiad (1/2-1/2 (51) Watson,W (2500)
-Prasad,D (2410) Thessaloniki 1988 TD) and, although he had grovelled a draw
it is unlikely to be an experience Prasad would wish to repeat. Gurgenidze, no
doubt unaware of the precedent, tries to activate his Bf8 before playing ...d6,
but does not attend to the problem of finding a safe haven for his king.}) 14.
Bd5 Bd6 $5 15. Nf3 $1 Nxf3+ 16. Qxf3 Be5 17. Bf4 $1 d6 {The f-pawn was immune
from capture but Gurgenidze might have been reasonably satisfied, having
turned his k- bishop into a "good" piece. Unfortunately mate takes precedence
over positional nuances and it soon becomes apparent that Gurgenidze's plan
has consumed too much valuable time.} (17... Bxf6 18. Bh6 {and f7 falls}) 18.
Bxe5 dxe5 19. Qa3 $1 Qd8 20. Rac1 {Although White has no immediate threats, it
is clear that Black is almost unable to move without dire consequences. The
only good thing to be said about Black's position is that most of his pieces
are set up ready for a new game!} Bd7 21. Bxb7 Rb8 22. Rc7 $1 h5 {Better
played on move 20 if at all - Black has no reasonable moves but now White has
a threat.} 23. Rxd7 $1 ({Mate follows both} 23. Rxd7 $1 Kxd7 ({and} 23... Qxd7
24. Bc6) 24. Qa4+ Ke6 25. Qc4+ Kd7 26. Qc6# {.}) 1-0

[Event "London m"]
[Site "London"]
[Date "1998.04.21"]
[Round "6"]
[White "Adams, Michael"]
[Black "Rowson, Jonathan"]
[Result "1/2-1/2"]
[WhiteElo "2670"]
[BlackElo "2485"]
[Annotator "Rogozenco,D"]
[PlyCount "39"]
[EventDate "1998.04.16"]
[EventType "match"]
[EventRounds "6"]
[EventCountry "ENG"]
[SourceTitle "CBM 065"]
[Source "ChessBase"]
[SourceDate "1998.08.06"]
[SourceVersion "1"]
[SourceVersionDate "1998.08.06"]
[SourceQuality "1"]

1. e4 c5 2. Nc3 Nc6 3. Nf3 g6 4. Bb5 $6 {With the Knight on c3 this move is
harmless. The only idea behind it is to avoid theoretical lines, but I think
there must be better ways for such a purpose. Objectively the strongest move
is 4.d4, of course.} Bg7 5. Bxc6 (5. O-O d6 6. d3 Bd7 7. a4 Nf6 8. h3 O-O 9.
Be3 e5 $11 {Adams,M-Anand,V/FIDE WCh KO Groningen/1997.}) 5... bxc6 {The
simplest solution. Now Black follows the well known plan with Nh6, which
equalises easily, because White has no possibility to play c3 and d4.} (5...
dxc6 {Less logical.} 6. h3 e5 7. d3 {The Knight is placed normal on c3 here.})
6. O-O Nh6 (6... e5 {Another option which looks good.} 7. d3 Ne7 8. Be3 d6 9.
Qd2 O-O 10. Bh6 f5 11. Bxg7 Kxg7 12. exf5 gxf5 13. Qg5+ Ng6 14. Qxd8 Rxd8 15.
Nd2 Be6 16. f3 Rd7 $15 {Gdanski-Maciejewski /Ch Poland/1997.}) 7. d3 O-O 8. h3
d6 9. e5 {Trying to play agaist double pawns. Black structure is very solid
though, and after getting the f5-square for the Knight and an open b-line
Black must have an easy play. However, there is one thing Black should think
about - where to develop the light square Bishop. In the game Black foung an
unusual way for it.} (9. Be3 f6 (9... f5 $5) 10. Qd2 Nf7 11. d4 cxd4 12. Nxd4
$13 {In this complicate position White´s space advantage is compensate by two
Black´s Bishops, so White decides not to open the center.}) 9... Nf5 10. Re1
Rb8 11. Rb1 Be6 $5 {Bishop goes to d5! White will be forced to exchange it,
after which Black will change his pawn structure.} (11... Nd4 $5 12. exd6 exd6
13. Ne4 {/\Bg5.}) 12. Bf4 Bd5 13. Nxd5 (13. exd6 $142 exd6 14. Nxd5 cxd5 15. c3
Qd7 $13) 13... cxd5 14. c3 (14. exd6 Nxd6 15. c3 Rb7 $11) (14. e6 $2 Rxb2 $17)
14... dxe5 15. Nxe5 Rb6 16. Qa4 Bxe5 {Black is forced to give the Bishop, but
the position remains equal, because White has no chances to exploit this fact
and to attack on the kingside. On the other hand Black has counterplay on the
queenside and in the center.} 17. Bxe5 f6 18. Bh2 Qa8 $1 {Black finds the best
square for the Queen - b7.} 19. b4 (19. g4 $2 Nh4 20. Rxe7 d4 21. Re4 Nf3+ 22.
Kg2 Nd2 $19) 19... Qb7 20. Bf4 1/2-1/2

[Event "Serbian-ch 29th"]
[Site "Sabac"]
[Date "1998.04.30"]
[Round "11"]
[White "Relange, Eloi"]
[Black "Cabrilo, Goran"]
[Result "1/2-1/2"]
[WhiteElo "2490"]
[BlackElo "2490"]
[Annotator "Rogozenco,D"]
[PlyCount "45"]
[EventDate "1998.04.20"]
[EventType "tourn"]
[EventRounds "13"]
[EventCountry "YUG"]
[EventCategory "9"]
[SourceTitle "CBM 065"]
[Source "ChessBase"]
[SourceDate "1998.08.06"]
[SourceVersion "1"]
[SourceVersionDate "1998.08.06"]
[SourceQuality "1"]

1. e4 c5 2. Nf3 Nc6 3. Bb5 g6 4. Bxc6 dxc6 5. h3 e5 6. O-O {White usually
castles later in this variation. One of the reasons for that is the following:
Black has an attractive plan with f7-f6, Ng8-h6-f7, Bf8-d6, then g6-g5 with
good attacking chances. That´s why White should play more flexible: first d3,
Be3 and only then to decide if castle or not. In some variations is possible
even to castle long, and then after h3-h4 to create an attack on the kingside.}
(6. d3 f6 7. Nc3 (7. O-O Nh6 8. Be3 Nf7 9. c3 Bd6 (9... g5 $5 10. Ne1 (10. d4
cxd4 11. cxd4 g4 $13) 10... Be6 11. Nd2 h5 $40 {Shirov,A-Kramnik,V/Novgorod/
1994}) 10. d4 cxd4 11. cxd4 O-O 12. Nc3 Qe7 13. Re1 Kg7 14. Qc2 Be6 15. Rad1
Rfd8 16. a3 Bc4 17. d5 Rdc8 18. dxc6 Rxc6 19. Nd2 Be6 20. Qd3 b6 21. Nd5 Qb7
22. Nb1 Rac8 23. Nbc3 $14 {+/= Svidler,P-Vyzmanavin,A/Russia (ch)/1995}) 7...
Nh6 (7... Bg7 8. Be3 b6 9. Qd2 {פg8}) 8. Be3 Nf7 9. Nd2 $5 b6 10. O-O Bg7 11.
a3 f5 $2 (11... O-O) 12. exf5 gxf5 13. f4 $16 {Yudasin-Soffer, ISR-chT/1996}) (
6. Nxe5 $2 Qd4) 6... Bg7 (6... f6 {Looks logical, but White can try to break
the center now.} 7. c3 (7. d3 $6 Nh6 8. Be3 Nf7) 7... Nh6 (7... Qd3 $5 8. Re1
Bh6 $13) 8. d4 $36) 7. d3 Qe7 8. Be3 Nf6 9. Qd2 (9. Nbd2 $1 {This looks very
good here. Comparing with the variation 4.0-0 Ng7 5.Re1 e5 6.Bc6 dc6 7.h3 Qe7
8.d3 Nf6 9.Be3, White didn´t lose a tempo for Re1. Now after a2-a4-a5 and
Nd2-b3 White has a good play on the queenside.} O-O 10. Nb3 Nd7 11. a4 $14)
9... Nd7 10. Bh6 {The well known plan: after exchanging the Bishops, White
breaks with f2-f4 and tries to exploit the weaknesses on the kingside. Usually
this plan brings a slight advantage for White, but here Black can avoid even
that.} f6 11. Bxg7 Qxg7 12. Nh2 g5 $5 (12... O-O 13. f4 $14) 13. a3 Nf8 14. b4
Be6 (14... Qe7 {Looks safer than the game.} 15. Qc3 Be6 $11) 15. Nc3 $6 {
After it Black has no problems at all.} (15. bxc5 $5 Qe7 (15... Nd7 16. Qb4)
16. Qb4 $14 O-O-O $6 17. Nc3 Rd4 18. Qa5 $16) 15... Nd7 16. Na4 Qe7 17. c3 {
Now the pawn on d3 is weak.} (17. Qe3 $142 cxb4 18. axb4 O-O $11) 17... Rd8 18.
Qe3 b6 19. Rab1 O-O 20. Rfe1 (20. bxc5 $2 b5 $17) 20... h6 21. Nf3 Rfe8 22.
bxc5 $6 b5 23. Nb2 $15 1/2-1/2

[Event "Serbian-ch 29th"]
[Site "Sabac"]
[Date "1998.04.30"]
[Round "11"]
[White "Markovic, Miroslav"]
[Black "Zontakh, Andrey"]
[Result "1-0"]
[WhiteElo "2540"]
[BlackElo "2545"]
[Annotator "Rogozenco,D"]
[PlyCount "85"]
[EventDate "1998.04.20"]
[EventType "tourn"]
[EventRounds "13"]
[EventCountry "YUG"]
[EventCategory "9"]
[SourceTitle "CBM 065"]
[Source "ChessBase"]
[SourceDate "1998.08.06"]
[SourceVersion "1"]
[SourceVersionDate "1998.08.06"]
[SourceQuality "1"]

1. e4 c5 2. Nf3 Nc6 3. Bb5 g6 4. O-O Bg7 5. Re1 e5 6. Bxc6 dxc6 7. h3 {This
quiet move is very flexible. In my opinion White´s set-up is more dangerous
for Black than it looks. White can choose between several plans: a2-a3, b2-b4;
c2-c3, d2-d4 (mostly after Black´s move f7-f6) and the plan from the game - a
relatively slow play on the queenside against Black´s double pawns.} (7. d3 Qe7
8. Nbd2 (8. a3 Nf6 9. b4 O-O 10. bxc5 Qxc5 (10... Nd7 $5) 11. a4 Re8 12. Ba3
Qa5 13. Nbd2 Be6 14. Ng5 Nd7 15. Nxe6 Rxe6 16. Nc4 Qc7 17. Qd2 $14 {Glek,
I-Rabiega,R/Zillertal/1993}) 8... Nf6 (8... f6 $5) 9. Nc4 Nd7 10. Bg5 f6 11.
Be3 Nf8 12. a3 Bg4 13. b4 Ne6 14. bxc5 Nxc5 15. Na5 Ne6 16. Qb1 Nd8 $13 {
Movsesian,S-Babula,V/Mladi Olomouc/1997}) (7. a3 Be6 8. b4 c4 9. Bb2 f6 10. d4
cxd3 11. cxd3 Nh6 12. Qc2 Nf7 13. Nbd2 O-O $13 {Hauchard,A-Kozul,Z/EU-chT/1992}
) 7... Qe7 (7... f6 $6 8. c3 $1 {Here is important that White plays directly
d2-d4, whithout losing a tempo for d2-d3.} Nh6 9. d4 cxd4 10. cxd4 Nf7 11. Be3
O-O 12. Qb3 Qe7 13. Nc3 $16 {Nikolenko,O-Beckhuis,G/Cappelle la Grande/1995})
8. d3 (8. c3 {Doesn´t look the best move here. White opens the position, but
if Black succeeds to finish the development, two Bishops will play their role.}
Nf6 9. d4 cxd4 10. cxd4 exd4 (10... Nd7 11. Bg5 f6 12. Be3 O-O 13. Nbd2 Rd8 14.
Qc2 exd4 15. Bxd4 Ne5 16. Bc5 Nxf3+ 17. Nxf3 Qf7 18. Bd4 Be6 $11 {Nikolenko,
O-Kozlov,V/Moscow/1995}) 11. Bg5 Qb4 $13 {Tseshkovsky,V-Krasenkow,M/Moscow Tal/
1992}) 8... Nf6 (8... Nh6 9. Be3 f6 10. c3 (10. Qd2 Nf7 11. Qc3 b6 $2 (11...
Bf8 $8 {/\Nd8-e6.}) 12. b4 $1 $16 {Galdunts-Wessels, NRW-Liga II/1997}) 10...
O-O 11. d4 cxd4 12. cxd4 exd4 13. Nxd4 Nf7 14. Nc3 Be6 15. Nxe6 Qxe6 16. Qb3
Qxb3 17. axb3 a6 18. Red1 Rfd8 19. Bb6 Rd6 20. Rxd6 Nxd6 21. Rd1 Bf8 22. Bc7
Nb5 23. Rd7 $14 {Cyborowski,L-Antoniewski,R/EU-chJM U16/1995}) 9. Be3 O-O {
This move looks so natural that one makes it whithout thinking. However, Black
faced difficulties afterwards, that´s why serious attention deserves the plan
Nf6-d7-f8-e6 before castling.} (9... Nd7 $5 10. Nbd2 Nf8 11. Nb3 (11. Nc4 f6
12. c3 Be6 {/\Nf8-d7.}) (11. a4 $5 {/\} Ne6 12. Nc4 Nd4 13. Nfd2) 11... Ne6 12.
a4 Nd4 $11) 10. Nbd2 (10. Nc3 b6 11. a4 a5 12. Qc1 Ne8 13. Bh6 Nc7 14. Bxg7
Kxg7 15. Ne2 f6 $11 {Govedarica,R-Kiroski,T/Nis/1993}) 10... Nd7 11. a4 Rd8 12.
Nb3 b6 (12... a5 $142 13. Nfd2 b6 14. Nc4 Rb8 $14) 13. a5 Ba6 14. Ra3 $1 {
/\Qd1-a1. Playing very precise White obtained a strong pressure on the
queenside.} c4 15. axb6 axb6 (15... cxb3 16. Rxa6 axb6 17. Rxa8 Rxa8 18. c3 $18
) 16. Qa1 cxb3 $6 (16... Bb7 $5 17. dxc4 Rxa3 18. Qxa3 Qxa3 19. bxa3 c5 {
Black has some compensation for the pawn and White´s task could be very
difficult. However, this was a good chance to fight for a draw.}) 17. Rxa6 Rxa6
18. Qxa6 bxc2 19. Rc1 {White regains the pawn and has a clear advantage.} c5 (
19... Nc5 20. Qxb6 Nxd3 21. Rxc2 $16) 20. Rxc2 Qd6 21. Rc3 $14 {Thanks to his
better placed pieces, the control over a-line and Black´s weaknesses on the
queenside, White has a long lasting advantage.} Bf8 22. Nd2 b5 $2 {This loses
material. Black should´ve tried to fight for a-line.} (22... Qc6 23. Rb3 (23.
b4 Qa8 $1 (23... Ra8 24. b5 $1 $16) 24. Qxa8 Rxa8 25. bxc5 (25. b5 $5 $13)
25... Bxc5 $11) 23... Ra8 24. Qb5 Qxb5 25. Rxb5 $14) 23. Qxb5 Rb8 24. Qa4 Rxb2
25. Nb3 $1 $18 {Black Rook is traped and White wins easily.} Rb1+ 26. Kh2 Qe6
27. Qa2 Re1 28. Qd2 Rb1 29. Qc2 Re1 30. Nc1 Rxe3 (30... f5 31. Qd2 Rf1 32. Qe2
$18) 31. fxe3 Bh6 32. Qf2 Qb6 33. Rb3 Qc6 34. Ne2 {Knight comes to d5 and the
game is over.} Nf8 35. Nc3 Bg5 36. Nd5 Bd8 37. Rb8 Qd6 38. Rb7 Qe6 39. Qa2 Kg7
40. Qa7 g5 41. Qxc5 g4 42. Ne7 Nd7 43. Qc6 1-0